Narrators of Javé = Narradores de Javé... /

Enregistré dans:
Détails bibliographiques
Auteur principal: Caffé, Eliane (realización)
Autres auteurs: Caffé, Eliane (guión) (guión), Abreu, Luiz Alberto de (guión) (guión), Kovenski, Hugo (fotógrafo) (fotógrafo), Camargo, Cristina (vestuario) (vestuario), Rezende, Daniel (montaje) (montaje), DJ Dolores (música) (música), Dumont, José (actuación) (actuación), Xavier, Nelson (actuación) (actuación), Rezende, Rui (actuación) (actuación)
Format: Diapositive
Langue:portugais
Publié: Río de Janeiro, Brasil : São Paulo, Brasil : París, Francia : Bananeira Filmes ; Gullane Filmes ; Laterit Productions, 2002, c2002
Collection:(Trigon-Film DVD-Edition ; 42)
Sujets:
Tags: Ajouter un tag
Pas de tags, Soyez le premier à ajouter un tag!

MARC

LEADER 00000ngm^a2200000^a^4500
001 000416678
005 20251020000000.0
009 20260310122330.741
037 |a Acervo ITESO - Biblioteca 
041 |a POR 
082 |a B 869.  |b CAF 
100 |a Caffé, Eliane  |e (realización) 
240 1 1 |a [Narradores de Javé] 
245 1 0 |a Narrators of Javé =  |b Narradores de Javé... /  |c Realización de E. Caffé. 
246 2 |a Título en México: Narradores de Javé 
246 2 |a Título en la cubierta: Narradores de Javé 
246 2 |a Título en la pantalla: Narrators of Javé 
264 4 |a Río de Janeiro, Brasil :  |b Bananeira Filmes ;  |a São Paulo, Brasil :  |b Gullane Filmes ;  |a París, Francia :  |b Laterit Productions,  |c 2002, c2002 
264 2 |a Ennetbaden, Suiza :  |b Trigon-Film [distribución],  |c 2008, c2008 
300 |a 1 DVD región 2 PAL (102 min.) :  |b color +  |e 1 lámina 
336 |a imagen móvil bidimensional  |b tdi  |2 rdacontenido 
337 |a video  |b v  |2 rdamedio 
338 |a videodisco  |b vd  |2 rdasoporte 
440 1 |a (Trigon-Film DVD-Edition ;  |v 42) 
546 |a En portugués, con subtítulos opcionales: alemán, francés, inglés 
586 |a Gran Premio del Cine Brasileño, de la Academia Brasileña de Cine (4°: 2003): Mejor Película (finalista) 
586 |a Gran Premio del Cine Brasileño, de la Academia Brasileña de Cine (4°: 2003): Mejor Dirección (finalista: Eliane Caffé) 
586 |a Diseño de Indumentaria y Moda: Gran Premio del Cine Brasileño, de la Academia Brasileña de Cine (4°: 2003): Mejor Diseño de Vestuario (finalista: Cristina Camargo) 
649 |a XX 
650 |a Costumbrismo en el Cine 
650 |a Comedias Cinematográficas 
650 |a Cine de Mujeres -  |z Brasil 
650 |a Cine Brasileño -  |y 2000-2009 
650 |a Cine Brasileño -  |y Siglo XXI 
650 |a Narración de Cuentos -  |z Brasil 
650 |a Chismorreo -  |z Brasil 
650 |a Literatura Oral -  |z Brasil 
650 |a Literatura en el Cine 
650 |a Literatura y Cine 
650 |a Literatura e Historia -  |z Brasil 
650 |a Literatura e Historia -  |x Tema Principal 
650 |a Ficción (Narrativa) -  |z Brasil 
650 |a Historia Oral -  |z Brasil 
650 |a Historia -  |x Fuentes 
650 |a Patrimonio Intangible -  |z Brasil 
650 |a Prácticas Culturales -  |z Brasil 
650 |a Analfabetismo -  |z Brasil 
650 |a Zonas Rurales en el Cine 
650 |a Zonas Rurales -  |z Brasil -  |x Condiciones Sociales y Culturales 
700 |a Caffé, Eliane  |e (guión) 
700 |a Abreu, Luiz Alberto de  |e (guión) 
700 |a Kovenski, Hugo  |e (fotógrafo) 
700 |a Camargo, Cristina  |e (vestuario) 
700 |a Rezende, Daniel  |e (montaje) 
700 |a DJ Dolores  |e (música) 
700 |a Dumont, José  |e (actuación) 
700 |a Xavier, Nelson  |e (actuación) 
700 |a Rezende, Rui  |e (actuación) 
910 |a Fondo General 
920 |a Audiovisuales - DVDs 
940 |a Películas 
905 |a 308 
901 |a 0500317989  |b IT2  |c DVR  |i C167299  |u 20250521 
901 |a 0500317992  |b IT2  |c MIN  |i C167300  |u 20251020 
902 |a https://opac.biblio.iteso.mx/vufind/Record/000416678